000
00228 a2200097 4500
001
13525
100
_a
Fox A.B
245
_a
the power of small states
260
_a
Chicago
_b
University of Chicago press
_c
090
_c
10529
_d
10529
942
_a
NUST-CAE
_c
M
_c
591
999
_c
248598
_d
248598